=LDR 00000nam 2200000 4500 =001 INLIS000000000041079 =005 20230117030154 =035 ##$$a 0010-061300000041079 =008 230117################g##########0#ind## =041 ##$$a Ind =082 ##$$a 959.8 =090 ##$$a 959.8, Sur t =100 ##$$a Suryadinata, Leo =245 1#$$a Tokoh Tionghoa dan identitas Indonesia, /$c Leo Suryadinata =260 ##$$a Jakarta,$c 2010 =300 ##$$a xii, 120 hlm, ; $c 21cm =650 #4$$a Indonesia-Sejarah =850 ##$$a NBPNMAT =020 ##$$a 979-3731-75-3 =084 ##$$a 959.8 SUR t =990 ##$$a 1201102593 =990 ##$$a 21110872 =990 ##$$a 21110872